| 000 | 00606nam a2200193 a 4500 | ||
|---|---|---|---|
| 001 | 000042546 | ||
| 005 | 20201002040227.0 | ||
| 008 | 131211s1977 sp 000 0 spa d | ||
| 020 | _a8470780395 | ||
| 040 |
_aDO-SdBNP _bspa _cBNPHU |
||
| 100 | 1 |
_aColas Latorre, Gregorio _918946 |
|
| 245 | 1 | 0 |
_aAragon bajo los Austrias. / _cGregorio Colas Latorre, José Antonio Salas Ausent. |
| 260 |
_aZaragoza, España : _bLibreria General, _c1977. |
||
| 300 |
_a167 p ; _c19 cm. |
||
| 490 | 1 | _aAragon | |
| 504 | _aBibliografía p: 165-167 | ||
| 700 | 1 |
_aSalas Ausent, José Antonio _969785 |
|
| 830 | 0 |
_aAragon _969786 |
|
| 999 |
_c42035 _d42035 |
||